[Event "HUN-chT2 Breyer 1617"]
[Site "Hungary"]
[Date "2017.04.09"]
[Round "9.9"]
[White "Laszlo, Imre"]
[Black "Tessedik, Karoly"]
[Result "1-0"]
[WhiteElo "2099"]
[BlackElo "1805"]
[PlyCount "71"]
[EventDate "2016.10.30"]
[EventType "team-tourn"]
[EventRounds "9"]
[EventCountry "HUN"]
[SourceTitle "EXT 2021"]
[Source "ChessBase"]
[SourceDate "2020.10.23"]
[SourceVersion "1"]
[SourceVersionDate "2020.10.23"]
[SourceQuality "1"]
[WhiteTeam "Naszaly Geniusz Tata"]
[BlackTeam "Torokbalint"]
[WhiteTeamCountry "HUN"]
[BlackTeamCountry "HUN"]

1. e4 c5 2. Nf3 e6 3. d4 cxd4 4. Nxd4 Nf6 5. Bd3 d6 6. c4 Nc6 7. Nc2 Be7 8. Nc3 Bd7 9. 0-0 Ne5 10. Be2 Bc6 11. f4 Ned7 12. Bf3 0-0 13. b4 b6 14. Bb2 Qb8 15. Qe2 Re8 16. g4 h6 17. h4 Nh7 18. Nd4 Bb7 19. g5 d5 20. g6 fxg6 21. Nxe6 dxe4 22. Bxe4 Ndf8 23. Nxf8 Nxf8 24. Nd5 Bxb4 25. Qg2 Bc5+ 26. Kh1 Qd8 27. Nf6+ Qxf6 28. Bxb7 Qxh4+ 29. Qh2 Qxh2+ 30. Kxh2 Rad8 31. Be5 Rd2+ 32. Kg3 g5 33. Bd5+ Kh8 34. Rae1 gxf4+ 35. Rxf4 Bf2+ 36. Rxf2 1-0

[Event "Budapest Karacsonyi op 5th"]
[Site "Budapest"]
[Date "2013.12.28"]
[Round "3"]
[White "Tessedik, Karoly"]
[Black "Persanyi, Barnabas"]
[Result "1/2-1/2"]
[WhiteElo "1901"]
[BlackElo "1681"]
[PlyCount "88"]
[EventDate "2013.12.27"]
[EventType "swiss"]
[EventRounds "7"]
[EventCountry "HUN"]
[SourceTitle "CBM 158 Extra"]
[Source "ChessBase"]
[SourceDate "2014.02.28"]
[SourceVersion "1"]
[SourceVersionDate "2014.02.28"]
[SourceQuality "1"]

1. Nf3 Nf6 2. c4 c5 3. g3 g6 4. Bg2 Bg7 5. d3 Nc6 6. 0-0 0-0 7. Nc3 d6 8. h3 e5 9. Bd2 Bd7 10. a3 Qc8 11. Kh2 a6 12. Rb1 Be6 13. Ng5 Bd7 14. b4 cxb4 15. axb4 Nd4 16. Nge4 Nxe4 17. Nxe4 Qc7 18. e3 Ne6 19. Nc3 Bc6 20. Nd5 Qd8 21. Qe2 Nc7 22. Nxc7 Qxc7 23. b5 Bxg2 24. Kxg2 axb5 25. Rxb5 Qc6+ 26. e4 Ra2 27. Rfb1 Bh6 28. R5b2 Rxb2 29. Rxb2 Bxd2 30. Qxd2 f5 31. f3 fxe4 32. dxe4 Qxc4 33. Rxb7 Ra8 34. Rb2 Qc6 35. Rc2 Qa4 36. h4 Ra7 37. g4 h5 38. Rc8+ Kh7 39. Qxd6 Qa2+ 40. Kg3 Qa5 41. Qc5 Qe1+ 42. Qf2 Qxf2+ 43. Kxf2 hxg4 44. fxg4 Ra2+ 1/2-1/2

[Event "HUN-chT2 Breyer 1213"]
[Site "Hungary"]
[Date "2012.12.02"]
[Round "5.8"]
[White "Szinavel, Zsolt"]
[Black "Tessedik, Karoly"]
[Result "1-0"]
[WhiteElo "2123"]
[BlackElo "1946"]
[PlyCount "90"]
[EventDate "2012.09.16"]
[EventType "team-tourn"]
[EventRounds "11"]
[EventCountry "HUN"]
[SourceTitle "EXT 2014"]
[Source "ChessBase"]
[SourceDate "2013.11.20"]
[SourceVersion "1"]
[SourceVersionDate "2013.11.20"]
[SourceQuality "1"]
[WhiteTeam "Kisber Aszar"]
[BlackTeam "Torokbalint"]
[WhiteTeamCountry "HUN"]
[BlackTeamCountry "HUN"]

1. e4 c5 2. d4 cxd4 3. c3 dxc3 4. Nxc3 Nc6 5. Nf3 d6 6. Bc4 e6 7. 0-0 Nf6 8. Qe2 Be7 9. Rd1 Qc7 10. Bf4 a6 11. h3 0-0 12. Rac1 Qb8 13. Bb3 Ne5 14. Nd4 h6 15. Bg3 Re8 16. f4 Nc6 17. Nxc6 bxc6 18. e5 dxe5 19. fxe5 Nd5 20. Ne4 Bd7 21. Rd3 Qa7+ 22. Kh1 a5 23. a3 a4 24. Ba2 Rab8 25. Rf1 Rf8 26. Bb1 c5 27. Rxd5 exd5 28. Nf6+ Bxf6 29. exf6 Rb3 30. fxg7 Rxg3 31. gxf8Q+ Kxf8 32. Qe5 Rg7 33. Qxd5 Qc7 34. Rf6 Ke7 35. Rxh6 Be6 36. Qf3 Qe5 37. Qb7+ Bd7 38. Qe4 Qxe4 39. Bxe4 Rg3 40. Bf3 Rg5 41. Rh5 Kf6 42. Kg1 c4 43. Rxg5 Kxg5 44. Bd5 Be6 45. Bxe6 fxe6 1-0

[Event "HUN-chT2 Breyer 1213"]
[Site "Hungary"]
[Date "2012.09.16"]
[Round "1.9"]
[White "Tessedik, Karoly"]
[Black "Bognar, Attila"]
[Result "1/2-1/2"]
[WhiteElo "1946"]
[BlackElo "1880"]
[PlyCount "129"]
[EventDate "2012.09.16"]
[EventType "team-tourn"]
[EventRounds "11"]
[EventCountry "HUN"]
[SourceTitle "EXT 2014"]
[Source "ChessBase"]
[SourceDate "2013.11.20"]
[SourceVersion "1"]
[SourceVersionDate "2013.11.20"]
[SourceQuality "1"]
[WhiteTeam "Torokbalint"]
[BlackTeam "Zoltek"]
[WhiteTeamCountry "HUN"]
[BlackTeamCountry "HUN"]

1. d4 c5 2. dxc5 Qa5+ 3. Bd2 Qxc5 4. Nf3 Nf6 5. b4 Qc7 6. Nc3 a6 7. Rb1 b6 8. g3 Bb7 9. Bg2 g6 10. 0-0 Bg7 11. Ne1 0-0 12. a4 d6 13. e4 Nbd7 14. f4 Qc4 15. Qf3 Qd4+ 16. Kh1 Rac8 17. Qd3 Ng4 18. Nd1 Rc7 19. h3 Qxd3 20. cxd3 Nh6 21. Be3 f5 22. Nb2 Bxb2 23. Rxb2 fxe4 24. dxe4 Rc3 25. Nc2 Rfc8 26. Rf2 Nf7 27. Kh2 e5 28. Re2 R8c4 29. Bf2 b5 30. a5 Rc8 31. Ne3 Nf6 32. Nd5 Nxd5 33. exd5 Rd3 34. Be4 Ra3 35. Red2 exf4 36. gxf4 Rcc3 37. Bg2 Bc8 38. Rdc2 Bf5 39. Rxc3 Rxc3 40. Re2 Kf8 41. Be1 Rc2 42. Re3 Rc4 43. Kg3 Nh6 44. Bf1 Rd4 45. Bc3 Re4 46. Rf3 Bd7 47. Bd3 Nf5+ 48. Kh2 Re3 49. Rxe3 Nxe3 50. Kg3 Nxd5 51. Bd2 Kf7 52. Be4 Ke6 53. Bf3 Ne7 54. Bc3 d5 55. Bg4+ Kd6 56. Be5+ Kc6 57. Be2 Nf5+ 58. Kf2 Nd6 59. h4 Nf5 60. h5 Be6 61. hxg6 hxg6 62. Bd3 Bf7 63. Bxf5 gxf5 64. Bd4 Kd6 65. Kg3 1/2-1/2

[Event "Budapest FS10 FM-A Double"]
[Site "Budapest"]
[Date "2011.10.09"]
[Round "9"]
[White "Tessedik, Karoly"]
[Black "Mayer, Istvan"]
[Result "0-1"]
[WhiteElo "1864"]
[BlackElo "2063"]
[PlyCount "64"]
[EventDate "2011.10.01"]
[EventType "tourn"]
[EventRounds "10"]
[EventCountry "HUN"]
[SourceTitle "CBM 144 Extra"]
[Source "ChessBase"]
[SourceDate "2011.10.28"]
[SourceVersion "1"]
[SourceVersionDate "2011.10.28"]
[SourceQuality "1"]

1. d4 d5 2. c4 dxc4 3. e4 Nc6 4. d5 Ne5 5. Bxc4 c6 6. Be2 e6 7. Nf3 Bd6 8. Nxe5 Bxe5 9. dxc6 Qxd1+ 10. Bxd1 bxc6 11. 0-0 Nf6 12. Bc2 Rb8 13. Nc3 Ba6 14. Re1 Ke7 15. h3 Nd7 16. g3 Bd4 17. Kg2 e5 18. Na4 Nb6 19. Rb1 Nxa4 20. Bxa4 Bd3 21. Ra1 c5 22. Bc6 c4 23. a4 Bxb2 24. Ra2 Bxc1 25. Rxc1 Rhc8 26. Bd5 c3 27. Kf3 c2 28. Ke3 Rb1 29. Kd2 Rxc1 30. Kxc1 Rb8 31. Rxc2 Bxc2 32. Kxc2 Rb4 0-1

[Event "Budapest FS10 FM-A Double"]
[Site "Budapest"]
[Date "2011.10.07"]
[Round "7"]
[White "Tessedik, Karoly"]
[Black "Heyl, Thomas"]
[Result "0-1"]
[WhiteElo "1864"]
[BlackElo "2069"]
[PlyCount "78"]
[EventDate "2011.10.01"]
[EventType "tourn"]
[EventRounds "10"]
[EventCountry "HUN"]
[SourceTitle "CBM 144 Extra"]
[Source "ChessBase"]
[SourceDate "2011.10.28"]
[SourceVersion "1"]
[SourceVersionDate "2011.10.28"]
[SourceQuality "1"]

1. d4 d5 2. c4 e6 3. Nc3 Nf6 4. Bg5 Nbd7 5. e3 Bb4 6. cxd5 exd5 7. Bd3 0-0 8. Nge2 c6 9. 0-0 Re8 10. Bc2 Nf8 11. Bxf6 Qxf6 12. Ng3 Ne6 13. Qd3 g6 14. Rad1 Ng7 15. e4 Bxc3 16. bxc3 Be6 17. f3 Qh4 18. Rde1 Nh5 19. Nxh5 Qxh5 20. Qd2 dxe4 21. fxe4 Bxa2 22. Rf3 Be6 23. Qf2 Qh6 24. Rf4 Qg7 25. h4 a5 26. Ra1 Red8 27. g4 b5 28. e5 Bd5 29. Kh2 a4 30. h5 c5 31. Rf6 cxd4 32. cxd4 a3 33. Qd2 a2 34. hxg6 hxg6 35. Qg5 Qh7+ 36. Kg3 Ra3+ 37. Kf2 Qh2+ 38. Ke1 Qg3+ 39. Kd2 Qc3+ 0-1

[Event "Budapest FS10 FM-A Double"]
[Site "Budapest"]
[Date "2011.10.06"]
[Round "6"]
[White "Tessedik, Karoly"]
[Black "Farkas, Richard"]
[Result "0-1"]
[WhiteElo "1864"]
[BlackElo "2009"]
[PlyCount "74"]
[EventDate "2011.10.01"]
[EventType "tourn"]
[EventRounds "10"]
[EventCountry "HUN"]
[SourceTitle "CBM 144 Extra"]
[Source "ChessBase"]
[SourceDate "2011.10.28"]
[SourceVersion "1"]
[SourceVersionDate "2011.10.28"]
[SourceQuality "1"]

1. f4 d5 2. Nf3 g6 3. e3 c5 4. c4 d4 5. b4 dxe3 6. Bb2 exd2+ 7. Nbxd2 Nf6 8. Ne4 Qxd1+ 9. Rxd1 Nbd7 10. bxc5 Bg7 11. Be2 Nxe4 12. Bxg7 Rg8 13. Bb2 Ndxc5 14. 0-0 f6 15. Nd2 Bd7 16. Nxe4 Nxe4 17. Rfe1 Bc6 18. Bf3 f5 19. Re3 Kf7 20. Bxe4 Bxe4 21. Ba3 Rad8 22. Ree1 Ke6 23. g3 Rxd1 24. Rxd1 g5 25. fxg5 Rxg5 26. Rd8 Bc6 27. Rd4 Kf7 28. Kf2 Rg8 29. Bb4 e5 30. Rh4 Kg7 31. g4 f4 32. Bc3 Kf6 33. h3 Be4 34. Rh5 Re8 35. a3 Bg6 36. g5+ Kf5 37. Rh4 Rc8 0-1

[Event "Budapest FS10 FM-A Double"]
[Site "Budapest"]
[Date "2011.10.04"]
[Round "4"]
[White "Mayer, Istvan"]
[Black "Tessedik, Karoly"]
[Result "0-1"]
[WhiteElo "2063"]
[BlackElo "1864"]
[PlyCount "76"]
[EventDate "2011.10.01"]
[EventType "tourn"]
[EventRounds "10"]
[EventCountry "HUN"]
[SourceTitle "CBM 144 Extra"]
[Source "ChessBase"]
[SourceDate "2011.10.28"]
[SourceVersion "1"]
[SourceVersionDate "2011.10.28"]
[SourceQuality "1"]

1. e4 c5 2. Nf3 d6 3. c3 Nf6 4. Bb5+ Bd7 5. Bc4 e6 6. Qe2 Nc6 7. 0-0 a6 8. d4 cxd4 9. cxd4 b5 10. Bb3 Na5 11. Bc2 Rc8 12. Bd3 Nc6 13. a3 h6 14. Nc3 Na5 15. e5 dxe5 16. dxe5 Nb3 17. exf6 Nxa1 18. Be3 Nb3 19. Nd5 Bc6 20. Nb6 Rc7 21. Ne5 gxf6 22. Nxc6 Rxc6 23. Bxb5 axb5 24. Qxb5 Qc7 25. Qxb3 Bc5 26. Bxc5 Rxc5 27. Na4 Rg5 28. Qf3 Ke7 29. b4 Rd8 30. g3 Qc4 31. Qb7+ Kf8 32. Nb6 Qd4 33. a4 h5 34. Kg2 Kg7 35. b5 h4 36. Rc1 hxg3 37. hxg3 Rh8 38. Rc7 Rh2+ 0-1

[Event "Kisber op"]
[Site "Kisber"]
[Date "2011.07.21"]
[Round "1"]
[White "Sipos, Istvan"]
[Black "Tessedik, Karoly"]
[Result "1-0"]
[WhiteElo "2423"]
[BlackElo "1858"]
[PlyCount "77"]
[EventDate "2011.07.21"]
[EventType "swiss"]
[EventRounds "7"]
[EventCountry "HUN"]
[SourceTitle "EXT 2012"]
[Source "ChessBase"]
[SourceDate "2011.11.24"]
[SourceVersion "1"]
[SourceVersionDate "2011.11.24"]
[SourceQuality "1"]

1. c4 c5 2. Nc3 Nf6 3. g3 Nc6 4. Bg2 g6 5. Nf3 Bg7 6. d4 cxd4 7. Nxd4 0-0 8. 0-0 Qa5 9. e3 a6 10. Bd2 Qc5 11. Na4 Qa7 12. c5 e5 13. Nxc6 bxc6 14. Nb6 Rb8 15. Bc3 Qc7 16. Qd2 d5 17. b4 Bf5 18. Qe2 Ne4 19. Bb2 Qb7 20. f3 Ng5 21. h4 a5 22. a3 Qe7 23. hxg5 Qxg5 24. g4 Be6 25. f4 Qh4 26. f5 gxf5 27. gxf5 Bc8 28. bxa5 Rb7 29. a6 Ra7 30. Nxc8 Rxc8 31. f6 Bh6 32. Bxe5 Re8 33. Rf5 Rxe5 34. Rxe5 Qxf6 35. Re8+ Kg7 36. Qg4+ Bg5 37. Rf1 Qg6 38. Qc8 Kh6 39. Rf3 1-0